000 00712nam a2200289Ia 4500
008 160803s9999 xx 000 0 und d
020 _a9780545555395
100 _aMacLachlan, Patricia
245 _aKindred souls /
245 _cPatricia MacLachlan.
260 _aNew York :
260 _bScholastic Inc.
260 _c2012
300 _a119 pages ;
300 _c29 cm
650 _aDogs --
650 _aFamilies --
650 _aFarm life --
650 _aGrandfathers --
650 _aOld age --
650 _xJuvenile fiction.
650 _xJuvenile fiction.
650 _xJuvenile fiction.
650 _xJuvenile fiction.
650 _xJuvenile fiction.
700 _a460
999 _c299542
_d299542